The Frog Prince / (Record no. 4346)

MARC details
000 -LEADER
fixed length control field 01151cam a2200361 a 4500
001 - CONTROL NUMBER
control field 4346
003 - CONTROL NUMBER IDENTIFIER
control field FISKH
005 - DATE AND TIME OF LATEST TRANSACTION
control field 20250820092944.0
008 - FIXED-LENGTH DATA ELEMENTS--GENERAL INFORMATION
fixed length control field 920706r19931974nyua j 000 0 eng
010 ## - LIBRARY OF CONGRESS CONTROL NUMBER
LC control number 92025167
020 ## - INTERNATIONAL STANDARD BOOK NUMBER
International Standard Book Number 0590465716 :
020 ## - INTERNATIONAL STANDARD BOOK NUMBER
International Standard Book Number 9780590465717
040 ## - CATALOGING SOURCE
Original cataloging agency DLC
Transcribing agency DLC
Modifying agency DLC
Language of cataloging eng
050 ## - LIBRARY OF CONGRESS CALL NUMBER
Classification number PZ8.T175
082 ## - DEWEY DECIMAL CLASSIFICATION NUMBER
Classification number 398.21
100 1# - MAIN ENTRY--PERSONAL NAME
Personal name Tarcov, Edith.
245 14 - TITLE STATEMENT
Title The Frog Prince /
Statement of responsibility, etc. retold by Edith H. Tarcov ; illustrated by James Marshall.
250 ## - EDITION STATEMENT
Edition statement First printing, June 1993
260 ## - PUBLICATION, DISTRIBUTION, ETC.
Place of publication, distribution, etc. New York :
Name of publisher, distributor, etc. Scholastic,
Date of publication, distribution, etc. 1974
300 ## - PHYSICAL DESCRIPTION
Extent 38 unnumbered pages :
Other physical details color illustrations ;
Dimensions 23 cm
440 #0 - SERIES STATEMENT/ADDED ENTRY--TITLE
Title Hello reader!
Number of part/section of a work Level 3
505 ## - FORMATTED CONTENTS NOTE
Formatted contents note J<br/>
520 ## - SUMMARY, ETC.
Summary, etc. Angry at being forced to keep her promise to a frog, the princess finally resorts to violent action, with unexpected results.
521 ## - TARGET AUDIENCE NOTE
Target audience note 500<br/>
Source Lexile<br/>
521 ## - TARGET AUDIENCE NOTE
Target audience note J<br/>
Source Raz-Plus<br/>
650 #1 - SUBJECT ADDED ENTRY--TOPICAL TERM
Topical term or geographic name entry element Fairy tales.
650 #1 - SUBJECT ADDED ENTRY--TOPICAL TERM
Topical term or geographic name entry element Folklore
Geographic subdivision Germany.
700 1# - ADDED ENTRY--PERSONAL NAME
Personal name Marshall, James,
Dates associated with a name 1942-1992,
Relator term illustrator
730 0# - ADDED ENTRY--UNIFORM TITLE
Uniform title Froschkönig.
906 ## - LOCAL DATA ELEMENT F, LDF (RLIN)
a 7
b cbc
c orignew
d 1
e ocip
f 19
g y-gencatlg
942 ## - ADDED ENTRY ELEMENTS (KOHA)
Source of classification or shelving scheme Dewey Decimal Classification
Koha item type Books
Suppress in OPAC No
Holdings
Withdrawn status Lost status Source of classification or shelving scheme Damaged status Not for loan Collection Home library Current library Shelving location Date acquired Total Checkouts Full call number Barcode Date last seen Date last checked out Copy number Price effective from Koha item type
    Dewey Decimal Classification     Juvenile Fiction Footprints International School Library Network Toul Kork Campus Footprints International School Library Network Toul Kork Campus TK Primary Library Room(4th Floor), Bookcase 1&2, Shelves 1-16, Dark Blue Books 07/31/2024 5 TAR 398.21 PZ8.T175 FISTK01301 03/14/2025 12/09/2024 1 07/31/2024 Books
    Dewey Decimal Classification     Juvenile Fiction Footprints International School Library Network Toul Tom Poung Campus Footprints International School Library Network Toul Tom Poung Campus TTP Primary Dark Blue Bookshelves 04/03/2025 1 TAR 398.21 PZ8.T175 2025-0955 05/16/2025 05/07/2025 2 04/03/2025 Books
    Dewey Decimal Classification     Juvenile Fiction Footprints International School Library Network Toul Tom Poung Campus Footprints International School Library Network Toul Tom Poung Campus TTP Primary Dark Blue Bookshelves 08/20/2025   TAR 398.21 PZ8.T175 FISBK02781 08/20/2025   3 08/20/2025 Books
    Dewey Decimal Classification     Juvenile Fiction Footprints International School Library Network Toul Tom Poung Campus Footprints International School Library Network Toul Tom Poung Campus TTP Primary Dark Blue Bookshelves 09/09/2025   TAR 398.21 PZ8.T175 FISBK02782 09/09/2025   4 09/09/2025 Books